| 000 | 00914cam a2200217 a 4500 | ||
|---|---|---|---|
| 001 | 000003099 | ||
| 005 | 20200929150329.0 | ||
| 008 | 750211s1978 ag b 001 f spa | ||
| 040 |
_aDO-SdBNP _cDLC _dDLC |
||
| 082 |
_a813.44 _bK65r |
||
| 100 | 1 |
_aKlinkowitz, Jerome. _98078 |
|
| 240 | 1 | 0 |
_aLiterary disruptions. The marking of a post-comtemporary american fiction. _lEspañol |
| 245 | 1 | 0 |
_aRurturas literaturas : _bla novela norteamericana "postcontemporánea" / _cJerome Klinkowitz; traducción, Aníbal Leal. |
| 260 |
_aBuenos Aires : _bDistribuidora , _c1978. |
||
| 300 |
_a221 p. ; _c20 cm. |
||
| 504 | _aBibliografía [p. 211-221] | ||
| 534 |
_aTítulo de la obra en Inglés: _tLiterary disruptions. The marking of a post-comtemporary american fiction. |
||
| 650 | 4 |
_aNovela américana _y20th century _xHistoria y crítica _99773 |
|
| 700 | 1 |
_aLeal, Aníbal _etr. _94573 |
|
| 910 | _aCatalogación por copia / LC | ||
| 999 |
_c2930 _d2930 |
||